ბათუმის შოთა რუსთაველის სახელმწიფო უნივერსიტეტის ბიბლიოთეკა

Divergent Pathways : Turkey and the European Union : (ბიბ.ჩანაწერი № 53681)

000 -LEADER
fixed length control field 01445nam a2200349Ia 4500
001 - CONTROL NUMBER
control field 20728
003 - CONTROL NUMBER IDENTIFIER
control field GE_BSU
005 - DATE AND TIME OF LATEST TRANSACTION
control field 20210316190252.0
008 - FIXED-LENGTH DATA ELEMENTS--GENERAL INFORMATION
fixed length control field 181216s2016||||xx |||||||||||||| ||eng||
020 ## - INTERNATIONAL STANDARD BOOK NUMBER
International Standard Book Number 9783847406129
040 ## - CATALOGING SOURCE
Transcribing agency GE_BSU
041 ## - LANGUAGE CODE
Language code of text/sound track or separate title eng
080 ## - UNIVERSAL DECIMAL CLASSIFICATION NUMBER
Universal Decimal Classification number 327 M-92
100 ## - MAIN ENTRY--PERSONAL NAME
Personal name Muftuler-Bac, Meltem
9 (RLIN) 10488
245 ## - TITLE STATEMENT
Title Divergent Pathways : Turkey and the European Union :
Remainder of title Re-Thinking the Dynamics of Turkish-European Union Relations /
Statement of responsibility, etc. Meltem Muftuler-Bac.
264 ## - PRODUCTION, PUBLICATION, DISTRIBUTION, MANUFACTURE, AND COPYRIGHT NOTICE
Place of production, publication, distribution, manufacture Opladen :
Name of producer, publisher, distributor, manufacturer Barbara Budrich Publishers,
Date of production, publication, distribution, manufacture, or copyright notice 2016.
300 ## - PHYSICAL DESCRIPTION
Extent 159 p. ;
Dimensions 25 cm.
500 ## - GENERAL NOTE
General note bibliogr. : p.149-159
653 ## - INDEX TERM--UNCONTROLLED
keyword Divergent Pathways
653 ## - INDEX TERM--UNCONTROLLED
keyword Turkey and the European Union
653 ## - INDEX TERM--UNCONTROLLED
keyword Re-Thinking the Dynamics of Turkish-European Union Relations
653 ## - INDEX TERM--UNCONTROLLED
keyword Политика
653 ## - INDEX TERM--UNCONTROLLED
keyword Расходящиеся пути
653 ## - INDEX TERM--UNCONTROLLED
keyword Турция и Европейский союз
653 ## - INDEX TERM--UNCONTROLLED
keyword переосмысление динамики отношений между Турцией и Европейским союзом
653 ## - INDEX TERM--UNCONTROLLED
keyword განსხვავებული გზები
653 ## - INDEX TERM--UNCONTROLLED
keyword თურქეთი და ევროკავშირი
653 ## - INDEX TERM--UNCONTROLLED
keyword თურქეთისა და ევროკავშირის კავშირების დინამიკა
653 ## - INDEX TERM--UNCONTROLLED
keyword პოლიტიკა
942 ## - ADDED ENTRY ELEMENTS (KOHA)
Koha item type წიგნი
Source of classification or shelving scheme
ეგზემპლარები
Withdrawn status Lost status Source of classification or shelving scheme Damaged status Not for loan Permanent Location Current Location Shelving location Date acquired Cost, normal purchase price Full call number Barcode Date last seen Copy number Price effective from Koha item type Public note
          ბათუმის შოთა რუსთაველის სახელმწიფო უნივერსიტეტის მთავარი ბიბლიოთეკა ბათუმის შოთა რუსთაველის სახელმწიფო უნივერსიტეტის მთავარი ბიბლიოთეკა წიგნსაცავი 2018-12-17 111.00 327 M-92 54046 2018-12-17 54046 2018-12-17 წიგნი 111 GEL.
          ბათუმის შოთა რუსთაველის სახელმწიფო უნივერსიტეტის მთავარი ბიბლიოთეკა ბათუმის შოთა რუსთაველის სახელმწიფო უნივერსიტეტის მთავარი ბიბლიოთეკა წიგნსაცავი 2018-12-17 111.00 327 M-92 54133 2018-12-17 54133 2018-12-17 წიგნი 111 GEL.